| 000 | 00893cam a2200301Ia 4500 | ||
|---|---|---|---|
| 999 |
_c10563 _d10563 |
||
| 001 | 20304479 | ||
| 003 | OCoLC | ||
| 005 | 20210225152043.0 | ||
| 008 | 890906s1963 nju 001 0 eng d | ||
| 020 | _a1557480737 | ||
| 020 | _a9781557480736 | ||
| 020 | _a0916441423 | ||
| 020 | _a9780916441425 | ||
| 035 |
_a(OCoLC)20304479 _z(OCoLC)70503219 |
||
| 040 |
_aOCO _beng _cOCO _dMSV _dOCLCQ _dNZAUC _dOCLCG _dCN4X3 _dHNW _dOCLCQ |
||
| 050 | _bC444M | ||
| 082 | _bC444M | ||
| 092 |
_a242.2 _bC445u, 1963 |
||
| 100 | 1 |
_aChambers, Oswald, _d1874-1917. |
|
| 245 | 1 | 0 |
_aMy utmost for His highest : _bselections for the year : the golden book of Oswald Chambers. |
| 260 |
_aWestwood, NJ : _bBarbour, _cc1963. |
||
| 300 |
_a278 p. ; _c23 cm. |
||
| 490 | 1 | _aChristian library | |
| 500 | _aIncludes indexes. | ||
| 650 | 0 | _aDevotional calendars. | |
| 830 | 0 | _aChristian library. | |
| 942 |
_2ddc _cBK |
||